Presentación del libro "La madre que te parió" de José Luis Alegre Cudós (Record no. 5039)

MARC details
000 -LEADER
campo de control de longitud fija 01321nim a2200301 i 4500
001 - NÚMERO DE CONTROL
campo de control 5039
003 - IDENTIFICADOR DE NÚMERO DE CONTROL
campo de control ES-MaACL
005 - FECHA Y HORA DE LA ÚLTIMA TRANSACCIÓN
campo de control 20250623204635.0
007 - CAMPO FIJO DE DESCRIPCIÓN FÍSICA--INFORMACIÓN GENERAL
campo de control de longitud fija s|r|||||||||||
008 - DATOS DE LONGITUD FIJA--INFORMACIÓN GENERAL
campo de control de longitud fija 070913s1984 sp ||| |||||||| | spa d
245 00 - MENCIÓN DEL TÍTULO
Título Presentación del libro "La madre que te parió" de José Luis Alegre Cudós
Medio [Grabación sonora] /
Mención de responsabilidad, etc. intervienen Victoria Vera, José Luis Coll, Juan A. Hormigón, Ignacio Amestoy, Cristina Vizcaíno y el autor.
260 ## - PUBLICACIÓN, DISTRIBUCIÓN, ETC.
Lugar de publicación, distribución, etc. Madrid :
Nombre del editor, distribuidor, etc. Ateneo de Madrid,
Fecha de publicación, distribución, etc. 1984.
300 ## - DESCRIPCIÓN FÍSICA
Extensión 2 discos (CD-DA) (1 h. 37 min. 37 seg.) ;
Dimensiones 12 cm.
500 ## - NOTA GENERAL
Nota general Datos basados en la invitación.
518 ## - NOTA DE FECHA/HORA Y LUGAR DE UN ACONTECIMIENTO
Nota de fecha/hora y lugar de un acontecimiento Acto organizado por el Ateneo de Madrid, celebrado en el salón de actos el jueves, 17 de mayo de 1984, a las 20:00 h.
610 04 - PUNTO DE ACCESO ADICIONAL DE MATERIA--NOMBRE DE ENTIDAD CORPORATIVA
Nombre de entidad corporativa o nombre de jurisdicción como elemento de entrada Ateneo de Madrid-
Subdivisión general Actos culturales-
Subdivisión cronológica 1984-
Subdivisión de forma Grabaciones sonoras
9 (RLIN) 1899
700 0# - ENTRADA AGREGADA--NOMBRE PERSONAL
Nombre de persona Vera, Victoria,
Fechas asociadas al nombre 1953-
9 (RLIN) 113954
700 1# - ENTRADA AGREGADA--NOMBRE PERSONAL
Nombre de persona Coll, José Luis.
9 (RLIN) 39614
700 1# - ENTRADA AGREGADA--NOMBRE PERSONAL
Nombre de persona Hormigón, Juan Antonio.
9 (RLIN) 64204
700 1# - ENTRADA AGREGADA--NOMBRE PERSONAL
Nombre de persona Amestoy Eguiguren, Ignacio,
Fechas asociadas al nombre 1947-
9 (RLIN) 21210
700 1# - ENTRADA AGREGADA--NOMBRE PERSONAL
Nombre de persona Vizcaíno, Cristina.
9 (RLIN) 115609
700 0# - ENTRADA AGREGADA--NOMBRE PERSONAL
Nombre de persona Alegre Cudós, José Luis,
Fechas asociadas al nombre 1951-2022
9 (RLIN) 19668
710 2# - ENTRADA AGREGADA--NOMBRE DE ENTIDAD CORPORATIVA
Nombre de entidad corporativa o nombre de jurisdicción como elemento de entrada Ateneo de Madrid.
9 (RLIN) 1875
852 ## - LOCALIZACIÓN
Ubicación ES-MaACL
Número de control de estantería ROT 6/1/13
itemnumber 5156
Ubicación en estantería Rotativo
852 ## - LOCALIZACIÓN
Ubicación ES-MaACL
Número de control de estantería ROT 6/1/14
itemnumber 203684
Ubicación en estantería Rotativo
942 ## - ELEMENTOS DE ENTRADA SECUNDARIOS (KOHA)
Fuente del sistema de clasificación o colocación Clasificación decimal universal
Holdings
Estatus retirado Estado de pérdida Fuente del sistema de clasificación o colocación Estado de daño No para préstamo Colección Biblioteca de origen Biblioteca actual Ubicación en estantería Fecha de adquisición Total de préstamos Signatura topográfica completa Código de barras Visto por última vez Precio de reemplazo Tipo de ítem Koha
    Clasificación decimal universal     Archivo de la palabra Biblioteca del Ateneo de Madrid Biblioteca del Ateneo de Madrid Rotativo 17/01/2008   ROT 6/1/13 1005102 23/02/2023 23/02/2023 Archivo de ordenador en CD-ROM, CD o disquete
    Clasificación decimal universal     Archivo de la palabra Biblioteca del Ateneo de Madrid Biblioteca del Ateneo de Madrid Rotativo 17/01/2008   ROT 6/1/14   18/06/2024 23/02/2023 Archivo de ordenador en CD-ROM, CD o disquete